LDR 00855naa#a2200169#i#450# 001 RU\\bibl\122036 005 20260705172942.7 011 ## _a2687-0185 100 ## _a20260319b2026####ek#y0rusy0150####ca 102 ## _aRU 200 1# _aСоблюдение прав и свобод человека и гражданина при проведении профилактических мероприятий по противодействию незаконной миграции _eЖурнальная статья 210 1# _aМосква _cМосковский университет МВД России имени В.Я. Кикотя _d2026 215 ## _a3 с. 608 ## _aЖурнальная статья _2local 675 ## _aПраво. Юридические науки. 34 _z 700 #1 _aШарипов _gПарвиз Махмадович 856 4# _amosumvd.editorum.ru _u